00750nam a2200169 a 4500008004100000050002500041110004400066245010800110260004000218300002000258350000900278650001000287650003100297995010000328999001700428952013500445081121s1997 ||||||||||||||||| || u aIBRD-IFC(058)AR/1997 aInternational Finance Corporation (IFC)10aInternational Finance Corporation (IFC) annual report, 1997cby International Finance Corporation [IFC] aWashington, D.C.:bWorld Bankc1997 aix, 170p.: ill. a0.00 aBANKS aWORLD BANK--ANNUAL REPORTS D0.00FCBU-MAIN LIBRARY (Kitwe)H1I0.00M1UAVAILABLEWNov 21, 2008ZInternational Publications c47381d47381 00102lcc4070a001b001cInternational Publicationsd2022-11-30l0oIBRD-IFC(058)AR/1997pZ03003199r2022-11-30w2022-11-30y002